000 00318nam a22001457a 4500
008 210305b ||||| |||| 00| 0 eng d
020 _a9781622542291
041 _aeng
080 _a61
082 _a61
100 _a3
101 _aSHM
245 _aICD-10-cm Professionals for Hospital
_cOptum
942 _2udc
_cBK
999 _c55812
_d55812